(Record no. 180370)
[ view plain ]
| 000 -CABECERA | |
|---|---|
| campo de control de longitud fija | 00359nam a2200133Ia 4500 |
| 001 - NÚMERO DE CONTROL | |
| campo de control | IA_ |
| 008 - DATOS DE LONGITUD FIJA--INFORMACIÓN GENERAL | |
| campo de control de longitud fija | 220117s xx 000 0 und d |
| 010 ## - NÚMERO DE CONTROL DE LA BIBLIOTECA DEL CONGRESO | |
| Número de control de LC | 180370 |
| 700 ## - PUNTO DE ACCESO ADICIONAL--NOMBRE DE PERSONA | |
| Nombre de persona | Piña García, Rodolfo |
| 9 (RLIN) | 137897 |
| 700 ## - PUNTO DE ACCESO ADICIONAL--NOMBRE DE PERSONA | |
| Nombre de persona | Villagómez Velázquez, Hugo |
| 9 (RLIN) | 149620 |
| 942 ## - ELEMENTOS DE PUNTO DE ACCESO ADICIONAL (KOHA) | |
| Tipo de ítem Koha | |
No items available.
